Anatomie description - Statistiques

Statistiques générales
  • Ce quiz a été pris 226 fois
  • Le résultat moyen est 9 sur 16
Statistiques - réponses
Indice / Définition Terme attendu % Correct
Qui est situé le plus proche de l’attache d’un membre Proximal
85%
Qui est situé vers l’arrière du corps Postérieur / Dorsal
84%
Qui est situé le plus éloigné de l’attache d’un membre Distal
80%
Qui est situé vers l’avant du corps Antérieur / Ventral
71%
Qui est situé près du centre du corps Médial
65%
Qui est situé vers les pieds Caudal / Inférieur
61%
Qui est situé vers la tête Cranial / Supérieur
59%
Qui est situé loin du centre du corps Latéral
53%
Plan qui divise le corps en haut et bas Plan transversal / Horizontal
53%
Qui est situé à la surface Superficiel
52%
Plan qui divise le corps en avant et arrière Plan frontal / Coronal
51%
Qui est situé en profondeur Profond
48%
Axe de gauche à droite Axe transversal / Horizontal
43%
Plan qui divise le corps en gauche et droite Plan sagittal
39%
Axe de l’avant vers l’arrière Axe sagittal / Antéro-postérieu
28%
Axe du haut vers le bas Axe longitudinal / Vertical
21%
Aucun quiz correspondant
Distribution des résultats
% des personnes avec chaque résultat
Percentile par nombre de réponses
Votre historique - résultats
Vous n’avez pas pris ce quiz